Expat destinations, the best and the worst - Statistics

General Stats
  • This quiz has been taken 42 times
  • The average score is 18 of 30
Answer Stats
Position (tip) Country % Correct
top 6. (Asia) Singapore
90%
bottom 15. (Asia) China
77%
bottom 7. (Europe) United Kingdom
77%
bottom 4. (Americas) Brazil
74%
bottom 6. (Asia) India
74%
bottom 10. (Asia) South Korea
74%
top 14. (Middle East) Israel
72%
bottom 2. (Europe) Italy
72%
top 4. (Americas) Mexico
72%
top 5. (Europe) Spain
72%
bottom 11. (Americas) Argentina
69%
bottom 9. (Eurasia) Russia
67%
top 1. (Asia) Taiwan
67%
top 7. (Middle East) Bahrain
64%
top 3. (Europe) Portugal
62%
bottom 8. (Europe) Greece
59%
top 15. (Oceania) New Zealand
59%
bottom 5. (Eurasia) Turkey
59%
top 9 . (Asia) Malaysia
56%
bottom 13. (Africa) South Africa
51%
bottom 1. (Middle East) Kuwait
49%
bottom 12. (Americas) Peru
49%
bottom 14. (Europe) Ukraine
49%
bottom 3. (Africa) Nigeria
46%
top 13. (Americas) Panama
46%
top 10. (Europe) Czechia
41%
top 12. (Europe) Luxembourg
38%
top 2. (Asia) Vietnam
38%
top 8. (Americas) Ecuador
31%
top 11. (Europe) Bulgaria
18%
No matching quizzes found
Score Distribution
Percent of People with Each Score
Percentile by Number Answered
Your Score History
You have not taken this quiz